000 00614nam a22001817a 4500
999 _c167052
_d167052
010 _aENG-126236
020 _a978-81-925573-3-4
_c800.00
035 _aEN-109768
037 _bDBAD/PUB
082 _a362.10420941
100 _aGupta,Manoj
245 _aUnequal Lives:
_cby Manoj Gupta
_bChild,Health Socioeconomic Inequalities/
260 _aNew Delhi
_bPawan Publications
_c2018
270 _a1st Floor, H-I/48, Bengali Colony Mahaveer Enclave
_bNew Delhi
_e110045
300 _a240p.
_b20cm(pbk)
_cill
500 _ait Includes Index and Bibliography
942 _2ddc
_cEN
_h362.10420941
_mGUP